Friendships between women : (Record no. 25469)

MARC details
000 -LEADER
fixed length control field 01070cam a2200301 a 4500
001 - CONTROL NUMBER
control field 3922497
003 - CONTROL NUMBER IDENTIFIER
control field BDDh-ASL
005 - DATE AND TIME OF LATEST TRANSACTION
control field 20231015030505.0
008 - FIXED-LENGTH DATA ELEMENTS--GENERAL INFORMATION
fixed length control field 920407s1992 nyu b 001 0 eng
010 ## - LIBRARY OF CONGRESS CONTROL NUMBER
LC control number 92013770
020 ## - INTERNATIONAL STANDARD BOOK NUMBER
International Standard Book Number 0898629764
020 ## - INTERNATIONAL STANDARD BOOK NUMBER
International Standard Book Number 0898629810 (pbk.)
040 ## - CATALOGING SOURCE
Original cataloging agency DLC
Transcribing agency DLC
Modifying agency DLC
-- BDDh-ASL
050 00 - LIBRARY OF CONGRESS CALL NUMBER
Classification number HQ1206
Item number .O25 1992
082 00 - DEWEY DECIMAL CLASSIFICATION NUMBER
Classification number 158.25
Edition number 20
Item number OCF
100 1# - MAIN ENTRY--PERSONAL NAME
Personal name O'Connor, Pat,
Dates associated with a name 1950-
245 10 - TITLE STATEMENT
Title Friendships between women :
Remainder of title a critical review /
Statement of responsibility, etc. Pat O'Connor.
260 ## - PUBLICATION, DISTRIBUTION, ETC.
Place of publication, distribution, etc. New York :
Name of publisher, distributor, etc. Guilford Press,
Date of publication, distribution, etc. c1992.
300 ## - PHYSICAL DESCRIPTION
Extent xii, 228 p. ;
Dimensions 23 cm.
440 #4 - SERIES STATEMENT/ADDED ENTRY--TITLE
Title The Guilford series on personal relationships
504 ## - BIBLIOGRAPHY, ETC. NOTE
Bibliography, etc. note Includes bibliographical references (p. [194]-223) and index.
650 #0 - SUBJECT ADDED ENTRY--TOPICAL TERM
Topical term or geographic name entry element Women
General subdivision Psychology.
650 #0 - SUBJECT ADDED ENTRY--TOPICAL TERM
Topical term or geographic name entry element Female friendship
General subdivision Sociological aspects.
650 #0 - SUBJECT ADDED ENTRY--TOPICAL TERM
Topical term or geographic name entry element Interpersonal relations.
906 ## - LOCAL DATA ELEMENT F, LDF (RLIN)
a 7
b cbc
c orignew
d 1
e ocip
f 19
g y-gencatlg
942 ## - ADDED ENTRY ELEMENTS (KOHA)
Source of classification or shelving scheme Dewey Decimal Classification
Koha item type Books
Holdings
Withdrawn status Lost status Source of classification or shelving scheme Damaged status Not for loan Collection code Home library Current library Shelving location Date acquired Source of acquisition Total Checkouts Full call number Barcode Date last seen Copy number Price effective from Koha item type
    Dewey Decimal Classification     Non-fiction Asiatic Society Library Asiatic Society Library Sirajul Islam Collection 07/16/2021 Donated by Professor Sirajul Islam, FRHS   158.25 OCF 110261 07/16/2021 C-1 07/16/2021 Books

Powered by Koha